header

Professional surveyors and real property descriptions (Record no. 221091)

MARC details
000 -LEADER
fixed length control field 01987nam a2200361 a 4500
082 04 - DEWEY DECIMAL CLASSIFICATION NUMBER
Classification number 526.9
100 1# - MAIN ENTRY--AUTHOR NAME
Personal name Estopinal, Stephen V.
245 10 - TITLE STATEMENT
Title Professional surveyors and real property descriptions
260 ## - PUBLICATION, DISTRIBUTION, ETC. (IMPRINT)
Place of publication Hoboken, N.J. :
Name of publisher Wiley,
Year of publication c2011.
300 ## - PHYSICAL DESCRIPTION
Number of Pages xi, 266 p. :
Other physical details ill.
520 ## - SUMMARY, ETC.
Summary, etc "Land boundaries are the physical, technical, and legal entities that define the extent and limits of a particular parcel of land, whether a small acreage of private property or the delineation between sovereign nations. This book is intended to be a tutorial on writing land descriptions for surveyors, allowing readers to be able to construct complete and modern land descriptions. Providing not only information on how to write new descriptions, this book also covers the history of how historic descriptions were written, enabling the reader to properly interpret them today"--
650 #0 - SUBJECT ADDED ENTRY--TOPICAL TERM
Topical Term Surveying.
Topical Term Surveys
Topical Term Real property.
Topical Term Map reading.
700 1# - ADDED ENTRY--PERSONAL NAME
Personal name Lathrop, Wendy.
856 40 - ELECTRONIC LOCATION AND ACCESS
Uniform Resource Identifier http://site.ebrary.com/lib/rucke/Doc?id=10513979
520 ## - SUMMARY, ETC.
-- Provided by publisher.

No items available.

© 2026 Rongo University
Contact us: librarian | system librarian | Rongo university